Pasiones Nacionalistas

Spremljeno u:
Bibliografski detalji
Glavni autor: Floria, Carlos A (Autor)
Format: Knjiga
Jezik:španjolski
Izdano: Buenos Aires Fondo de Cultura Económica 1998
Izdanje:1a. ed
Serija:Colección Popular, 555
Teme:
Oznake: Dodaj oznaku
Bez oznaka, Budi prvi tko označuje ovaj zapis!

MARC

LEADER 00000nam a2200000 a 4500
001 UCK4506
003 CL-VaPUC
008 050610e19980000AG |||||||||||||||||spa|d
020 |a 950557259X 
082 0 4 |a 320.54  |b FLO  |2 21 
100 0 |a Floria, Carlos A  |e author  |9 493013 
245 1 0 |a Pasiones Nacionalistas 
250 |a 1a. ed 
300 |a 143 p 
942 |c BK 
945 |d 20050610 00:00:00  |a cmena 
260 |a Buenos Aires  |b Fondo de Cultura Económica  |c 1998 
650 7 |a NACIONALISMO  |2 CL-VaPUC  |9 493014 
650 0 |a Ciencias Políticas  |9 255201 
650 0 |a Doctrinas políticas  |9 255835 
650 0 |a Patriotismo   |9 340204 
650 0 |a Política y gobierno  |9 255151 
583 |a last modification  |c 20050610 00:00:00  |k Rodrigo Vera 
490 0 |a Colección Popular, 555 
999 |c 313337  |d 313335 
952 |0 0  |1 0  |4 0  |6 320_540000000000000_FLO_1998  |7 0  |8 A  |9 384641  |a BIBHIS  |b BIBHIS  |d 2019-11-22  |i 4132041  |o 320.54 FLO 1998  |p 4132041  |r 2025-01-20  |w 2019-11-22  |y BK  |k HIS